|
|
|
|
| LEADER |
00000nam0a2200000 4500 |
| 001 |
114363 |
| 005 |
20231101215204.0 |
| 035 |
|
|
|a (RuTPU)RU\TPU\book\123668
|
| 090 |
|
|
|a 114363
|
| 100 |
|
|
|a 20070421d1969 km y0rusy50 ca
|
| 101 |
0 |
|
|a rus
|
| 102 |
|
|
|a RU
|
| 105 |
|
|
|a a z 001zy
|
| 200 |
1 |
|
|a Протяжные печи
|f В. Н. Аптерман, В. М. Тымчак
|
| 210 |
|
|
|a Москва
|c Металлургия
|d 1969
|
| 215 |
|
|
|a 320 с.
|c ил.
|
| 320 |
|
|
|a Библиогр.: с. 319-320.
|
| 606 |
|
|
|a Термические печи, протяжные
|2 stltpush
|3 (RuTPU)RU\TPU\subj\59886
|9 77381
|
| 610 |
1 |
|
|a протяжные печи
|
| 610 |
1 |
|
|a применение
|
| 610 |
1 |
|
|a термическая обработка
|
| 610 |
1 |
|
|a тепловая работа
|
| 610 |
1 |
|
|a нагрев
|
| 610 |
1 |
|
|a камеры
|
| 610 |
1 |
|
|a оборудование
|
| 610 |
1 |
|
|a газовый режим
|
| 610 |
1 |
|
|a автоматическое регулирование
|
| 610 |
1 |
|
|a компоновка
|
| 675 |
|
|
|a 621.783.2
|v 3
|
| 700 |
|
1 |
|a Аптерман
|b В. Н.
|g Владилен Николаевич
|
| 701 |
|
1 |
|a Тымчак
|b В. М.
|g Вячеслав Михайлович
|
| 801 |
|
1 |
|a RU
|b 63413507
|c 20070421
|g PSBO
|
| 801 |
|
2 |
|a RU
|b 63413507
|c 20210114
|g PSBO
|
| 942 |
|
|
|c BK
|